The Enemy Stars. (Record no. 350726)

000 -LEADER
fixed length control field 00733cam a22002771 4500
001 - CONTROL NUMBER
control field 9823475
003 - CONTROL NUMBER IDENTIFIER
control field OSt
005 - DATE AND TIME OF LATEST TRANSACTION
control field 20180116183024.0
008 - FIXED-LENGTH DATA ELEMENTS--GENERAL INFORMATION
fixed length control field 720801t19591958pau 000 1 eng
010 ## - LIBRARY OF CONGRESS CONTROL NUMBER
LC control number 59007103
020 ## - INTERNATIONAL STANDARD BOOK NUMBER
International Standard Book Number 0
035 ## - SYSTEM CONTROL NUMBER
System control number (OCoLC)370760
040 ## - CATALOGING SOURCE
Original cataloging agency DLC
Transcribing agency OWoC
Modifying agency OCoLC
-- DLC
042 ## - AUTHENTICATION CODE
Authentication code premarc
050 00 - LIBRARY OF CONGRESS CALL NUMBER
Classification number PZ4.A549
Item number En
Classification number PS3551.N378
082 ## - DEWEY DECIMAL CLASSIFICATION NUMBER
Classification number 813.54 AND 1987
100 1# - MAIN ENTRY--PERSONAL NAME
Personal name Anderson, Poul,
Dates associated with a name 1926-2001.
245 14 - TITLE STATEMENT
Title The Enemy Stars.
250 ## - EDITION STATEMENT
Edition statement [1st ed.]
260 ## - PUBLICATION, DISTRIBUTION, ETC.
Place of publication, distribution, etc. Philadelphia,
Name of publisher, distributor, etc. Lippincott,
Date of publication, distribution, etc. 1959 [c1958]
300 ## - PHYSICAL DESCRIPTION
Extent 218 p.
Dimensions 20 cm.
440 ## - SERIES STATEMENT/ADDED ENTRY--TITLE
Title The Enemy Stars.
655 #7 - INDEX TERM--GENRE/FORM
Genre/form data or focus term Science fiction.
Source of term gsafd
906 ## - LOCAL DATA ELEMENT F, LDF (RLIN)
a 7
b cbc
c oclcrpl
d u
e ncip
f 19
g y-gencatlg
942 ## - ADDED ENTRY ELEMENTS (KOHA)
Source of classification or shelving scheme
Koha item type Book
Holdings
Withdrawn status Lost status Source of classification or shelving scheme Damaged status Not for loan Collection code Permanent Location Current Location Shelving location Date acquired Total Checkouts Full call number Barcode Date last seen Date last checked out Price effective from Koha item type
            Central Library (CL) Central Library (CL) Fiction 12/02/2015 2 813.54 AND 1987 NBSD-2286 09/25/2023 05/10/2023 12/02/2015 Book
© 2023 Central Library, National University of Sciences and Technology. All Rights Reserved.